Statistics for 5-Letter US Baby Boy Names of 1890

Click here to take the quiz!

General Stats

  • This quiz has been taken 377 times
  • The average score is 41 of 221

Answer Stats

RankName% Correct
3James
91%
31Peter
90%
18David
89%
6Frank
88%
9Henry
88%
12Harry
81%
386Jason
74%
232Steve
69%
62Isaac
67%
39Jacob
64%
753Billy
63%
513Larry
63%
29Oscar
62%
228Grant
59%
157Simon
59%
131Aaron
58%
236Chris
57%
57Edwin
56%
61Edgar
55%
632Terry
55%
99Jerry
54%
19Louis
54%
206Scott
54%
802Tyler
54%
104Eddie
53%
82Allen
52%
833Colin
51%
348Roger
51%
28Jesse
50%
30Lewis
50%
714Jonah
49%
371Mason
48%
514Logan
47%
361Wayne
47%
241Bruce
46%
327Caleb
44%
816Andre
43%
381Allan
41%
217Miles
41%
237Clark
40%
54Ralph
37%
323Jonas
36%
856Garry
35%
254Glenn
35%
609Denis
34%
148Felix
33%
822Asher
32%
189Elias
32%
210Ellis
32%
413Jesus
32%
171Anton
30%
124Lloyd
30%
132Alvin
29%
423Tomas
29%
144Percy
28%
75Floyd
27%
995Kelly
27%
101Perry
27%
265Riley
27%
453Jules
26%
311Ruben
25%
643Avery
24%
108Leroy
24%
140Silas
24%
225Byron
23%
328Clint
23%
431Davis
23%
852Ernie
23%
287Louie
23%
119Moses
23%
195Ollie
23%
889Reese
23%
803Vance
23%
481Wyatt
23%
248Cecil
22%
216Cyrus
21%
916Artie
20%
72Clyde
20%
941Cyril
20%
839Damon
20%
594Pablo
20%
304Pedro
20%
769Elton
19%
760Cliff
17%
76Homer
17%
641Alden
14%
285Emmet
14%
159Irvin
14%
660Jones
14%
902Tracy
14%
484Alton
13%
840Davie
13%
41Elmer
13%
446Erwin
13%
369Loren
12%
572Basil
11%
506Carey
11%
708Hayes
11%
990Jodie
11%
677Ramon
11%
734Romeo
11%
88Rufus
11%
373Abram
10%
809Adolf
10%
366Irwin
10%
422Sandy
10%
897Stacy
10%
597Verne
10%
325Abner
9%
756Bruno
9%
227Emery
9%
408Fritz
9%
437Merle
9%
636Waldo
9%
305Berry
8%
694Clare
8%
612Elvin
8%
307Ervin
8%
542Emile
7%
452Issac
7%
260Myron
7%
634Uriah
7%
151Claud
6%
342Earle
6%
202Enoch
6%
155Hiram
6%
788Orson
6%
426Angus
5%
603Anson
5%
692Clara
5%
952Elroy
5%
267Emory
5%
409Giles
5%
858Grace
5%
977Holly
5%
619Hosea
5%
385Isiah
5%
340Royal
5%
477Smith
5%
901Titus
5%
299Allie
4%
817Annie
4%
849Eliza
4%
271Green
4%
396Hardy
4%
794Raoul
4%
170Wiley
4%
682Addie
3%
536Clair
3%
942Daisy
3%
580Early
3%
699Elder
3%
954Ennis
3%
615Evans
3%
964Gorge
3%
324Major
3%
672Orrin
3%
729Price
3%
504Young
3%
810Albin
2%
947Edith
2%
846Edson
2%
651Ernst
2%
853Ethel
2%
543Evert
2%
970Handy
2%
433Harve
2%
713Ivory
2%
621Lonzo
2%
886Ottis
2%
196Pearl
2%
801Toney
2%
633Urban
2%
913Almer
1%
759Claus
1%
763Creed
1%
850Elsie
1%
869Hyman
1%
984Hyrum
1%
782Lonie
1%
882Noble
1%
885Orren
1%
673Ossie
1%
728Press
1%
737Shade
1%
744Worth
1%
570Wylie
1%
748Algie
0%
600Almon
0%
601Alois
0%
813Alpha
0%
404Alvah
0%
915Alvia
0%
528Alvie
0%
749Arlie
0%
917Arvid
0%
918Ashby
0%
537Cloyd
0%
764Delos
0%
948Elick
0%
950Eliga
0%
648Elige
0%
848Elihu
0%
509Elzie
0%
652Finis
0%
961Flora
0%
864Hence
0%
985Irven
0%
511Isham
0%
988Jabez
0%
989Jewel
0%
346Judge
0%
997Knute
0%
302Lyman
0%
378Minor
0%
726Orley
0%
372Orval
0%
791Pleas
0%
421Rolla
0%
501Rubin
0%
739Solon
0%

Score Distribution

Percentile by Number Answered

Percent of People with Each Score

Your Score History

You have not taken this quiz